000 03884ncm0a2200505 4500
001 RU\NLR\ONIZ\212706
005 20250624195756.0
013 _a979-0-66006-119-0
021 _aRU
_b13-379н
_913-23н
035 _aRU\NLR\ONIZ\GALA\5000025551\20150928191330
035 _a(NLR Aleph) 010892214
071 2 0 _a16085
090 _a10560476
_c10560476
100 _a20150415d2013 |||y0rusy50 ca
101 0 _arus
102 _aRU
125 _aax
200 1 _aАльбом пьес для фортепиано
_bНоты
_dAlbum of pieces for piano
_hВып. 2
_zeng
_fИ. С. Бах
_gсост. и ред. Л. Ройзман
210 _aМосква
_cМузыка
_d2013
215 _a79 с.
_d29 см
225 1 _aКлассики для всех
313 _aСистематизация документа проведена по изданию - Методика классифицирования музыкальных произведений (нотных изданий) по таблицам Библиотечно-библиографических классификаций : метод. рекомендации / Гос. б-ка СССР им. В.И. Ленина.- М., 1977. Индексу ББК методических рекомендаций присваивается код ББК для научных библиотек - LBC/SL
327 1 _a1. Фантазия : BWV 906;
_a2. Прелюдия, фуга и аллегро : BWV 998;
_a3. Сарабанда с вариациями : BWV 990;
_a4. Прелюдия и фуга : из Сонаты ля мин. : BWV 965;
_a5. Фуга на тему Томазо Альбинони : BWV 951;
_a6. Прелюдия и фуга : BWV 894.
_a7. Токката и фуга для органа : ре мин. : BWV 565 / обраб. для фп. А. Немеровского
464 0 _12001#$aФантазия$eBWV 906
_1215##$aС.3-7
_tФантазия
464 0 _12001#$aПрелюдия, фуга и аллегро$eBWV 998
_1215##$aС.8-18
_tПрелюдия, фуга и аллегро
464 0 _12001#$aСарабанда с вариациями$eBWV 990
_1215##$aС.19-37
_tСарабанда с вариациями
464 0 _12001#$aПрелюдия и фуга$eиз Сонаты ля мин.$eBWV 965
_1215##$aС.38-44
_tПрелюдия и фуга
464 0 _12001#$aФуга на тему Томазо Альбинони$eBWV 951
_1215##$aС.45-51
_1702#1$9z01790$aАльбинони$bТ. Д.$gТомазо Джованни$f1671-1751$4230
_1790#1$9z01702$aAlbinoni$bT. G.$gTomaso Giovanni$f1671-1751$4230$7ba
_tФуга на тему Томазо Альбинони
464 0 _12001#$aПрелюдия и фуга$eBWV 894
_1215##$aС.52-68
_tПрелюдия и фуга
464 0 _12001#$aТокката и фуга для органа$eре мин.$eBWV 565$fобраб. для фп. А. Немеровского
_1215##$aС.69-79
_1702#1$aНемеровский$bА.$4030
_tТокката и фуга для органа
606 1 _aПолифонические произведения для фортепиано
_yГермания
_z18 в.
_jНоты
_2nlr_sh
686 _aЩ954.2-045я44(4Г)
_vLBC/SL
_2rubbk
700 1 _9z01790
_aБах
_bИ. С.
_f1685-1750
_gИоганн Себастьян
_4230
_7ca
702 1 _9z01790
_aРойзман
_bЛ.И.
_f1915-1989
_gЛеонид Исаакович
_4340
_7ca
790 1 _9z01700
_aBach
_bJ. S.
_f1685-1750
_gJohann Sebastian
_4230
_7ba
790 1 _9z01702
_aRojzman
_bL. I.
_f1915-1989
_gLeonid Isaakovič
_4340
_7ba
801 0 _aRU
_bNLR
_c20150415
_gPSBO
801 1 _aRU
_bNLR
_c20150415
_2rusmarc
801 2 _aRU
_bNLR
_c20190630
852 _aNLR
_bМ
_jК-3/26538(2)
_pМОЭ 2013-23н/379н
_t1
852 _aNLR
_bМ
_jК-3/26538(2)а
_pМОЭ 2013-23н/379на
_t2
942 _cSCORE
980 _aNB
980 _aONIZ